Jak měřit prospěšnost růstu pro chudé? Analýza ukazatelů a jejich komparace na případu Bangladéše

Analýza teórie a popis spôsobu merania pro-poor rastu. Prípadová štúdia Bangladešť.

Guardado en:
Detalles Bibliográficos
Autor principal: Harmáček, Jaromír
Otros Autores: Syrovátka, Miroslav, Schlossarek, Martin, Pavlík, Petr
Formato: Capítulo de libro
Lenguaje:checo
Materias:
Etiquetas: Agregar Etiqueta
Sin Etiquetas, Sea el primero en etiquetar este registro!

MARC

LEADER 00000naa a2200000 4500
001 0226335
005 20221019173200.9
041 0 |a cze 
044 |a CZ 
245 1 0 |a Jak měřit prospěšnost růstu pro chudé? Analýza ukazatelů a jejich komparace na případu Bangladéše  |c Jaromír Harmáček, Miroslav Syrovátka, Martin Schlossarek, Petr Pavlík 
520 |a Analýza teórie a popis spôsobu merania pro-poor rastu. Prípadová štúdia Bangladešť. 
610 2 0 |a chudoba 
610 2 0 |a rast hospodársky 
610 2 0 |a spotreba domácností 
610 2 0 |a spotreba obyvateľstva 
610 2 0 |a Bangladéš 
610 2 0 |a analýza komparatívna 
100 1 |a Harmáček, Jaromír 
700 1 |a Syrovátka, Miroslav 
700 1 |a Schlossarek, Martin 
700 1 |a Pavlík, Petr